000 00573 a2200169 4500
020 _a9780471757139
040 _aDLC
_bDLC
082 0 0 _a621.384156
100 1 _aFreeman, Roger L.
245 1 0 _aRadio system design for telecommunications
_cRoger L. Freeman.
250 _a3rd ed.
260 _aNew York :
_bIEEE ;
_aHoboken, N.J. :
_bWiley-Interscience,
_cc2007.
300 _axxv, 880 p. :
_bill. ;
_c25 cm.
440 0 _aWiley series in telecommunications and signal processing
650 0 _aRadio relay systems
_xDesign and construction.
942 _cBK
_k621.384156 FRE
_2ddc
999 _c9892
_d9892